000 00511nam a2200181Ia 4500
005 20250508151547.0
008 008 250505s9999 xx 000 0 eng d
037 _aTextual
040 _aFEDL
_beng
_cFEDL
041 _aeng
_2eng
084 _a915, SPE
_qFEDL
100 _aSpencer J E
_994059
245 0 _aAsia: East by South: A cultural geography
260 _aNew York, USA
_bJohn Wiley and Sons, Inc.
_c1954
300 _aix,453p.
942 _cTEXL
_h915, SPE
999 _c1330627
_d1330627